Carregant...
The west and non-alignment.
| Autor principal: | |
|---|---|
| Format: | Printed Book |
| Publicat: |
Ahmedabad :
Allied Publishers,
1988.
|
| Matèries: |
| LEADER | 00446nam a22001337a 4500 | ||
|---|---|---|---|
| 082 | |a 327.401 |b REZ/W | ||
| 100 | |a Reznikova,Oksana. | ||
| 245 | |a The west and non-alignment. | ||
| 260 | |a Ahmedabad : |b Allied Publishers, |c 1988. | ||
| 300 | |a 116p.; | ||
| 650 | |a Non-Alignment. | ||
| 942 | |c BK | ||
| 999 | |c 99752 |d 99752 | ||
| 952 | |0 0 |1 0 |4 0 |6 327_401000000000000_REZ_W |7 0 |9 93013 |a SSS |b SSS |c GEN |d 2012-02-24 |g 35.00 |l 0 |o 327.401 REZ/W |p SSSMK0832 |r 2012-02-24 |w 2012-02-24 |y BK | ||